Kliknij państwo z Azji - Statystyki

Ogólne statystyki
  • Ten quiz został rozwiązany 401 razy
  • Średni wynik to 16 z 48
Odpowiedzi na mapie
Odpowiedzi zakodowano w zielono-czerwonej skali na mapie do tego quizu, zgodnie z poniższymi procentami.
 
Statystyki odpowiedzi
Odpowiedź % Poprawnych
Arabia Saudyjska
43%
Japonia
42%
Kambodża
42%
Tajlandia
42%
Turcja
40%
Chiny
38%
Cypr
38%
Sri Lanka
38%
Zjednoczone
Emiraty Arabskie
38%
Filipiny
37%
Kazachstan
37%
Laos
37%
Mjanma
37%
Malediwy
36%
Mongolia
36%
Oman
36%
Bangladesz
35%
Indie
35%
Korea Południowa
35%
Pakistan
35%
Wietnam
35%
Gruzja
34%
Izrael
34%
Singapur
34%
Tajwan
34%
Afganistan
33%
Indonezja
33%
Jemen
33%
Bahrajn
32%
Bhutan
32%
Irak
32%
Iran
32%
Korea Północna
32%
Liban
31%
Nepal
31%
Syria
31%
Armenia
30%
Jordania
30%
Katar
30%
Tadżykistan
29%
Brunei
28%
Timor Wschodni
28%
Malezja
27%
Turkmenistan
27%
Azerbejdżan
26%
Kirgistan
26%
Kuwejt
26%
Uzbekistan
26%
Nie znaleziono quizów pasujących do podanych kryteriów
Rozkład punktacji
Procent ludzi z każdym wynikiem
Percentyl według liczby udzielonych odpowiedzi
Twoja historia wyników
Nie rozwiązałeś tego quizu